| 000 | 00451nam a2200181Ia 4500 | ||
|---|---|---|---|
| 001 | 1864 | ||
| 005 | 20260306143800.0 | ||
| 008 | 260306t2017||||xx |||||||||||||| ||spa|| | ||
| 041 | _aESP | ||
| 082 |
_a155.935 _bR76 |
||
| 100 |
_aRodríguez Ruiz, Celia _eAUT |
||
| 245 | 0 | _aApoyo psicológico en situaciones de emergencia | |
| 260 | _c2017 | ||
| 300 |
_axiv, 154 páginas : _c27 cm. |
||
| 650 | _aGEN | ||
| 654 | _aCPS | ||
| 942 |
_cLIB _dJUS _fJUS _2ddc _n |
||
| 999 |
_c1864 _d1864 |
||